000
00283nam a2200109Ia 4500
008
220204s9999 xx 000 0 und d
082
_a
645.5
_b
MAR
245
0
_a
Room decoration: 25 new schemes
260
_a
London
_b
Marshall Cavendish
_c
1972
650
_a
Rood decoration
942
_c
BK
999
_c
29482
_d
29482